000
00197 a2200097 4500
001
35158
100
_a
S H A
245
_a
Naukar Shahab
260
_a
Lahore
_b
Sange Meel
_c
090
_c
23302
_d
23302
942
_a
NUST-CAE
_c
M
_c
14784
999
_c
270231
_d
270231